Brasileiros que ja fizeram gol em Copa do Mundo - Statistics

Estatísticas Gerais
  • Esse quiz foi jogado 434 vezes
  • A pontuação média é 9 de 38
Answers on the Grid
Answers color-coded by a green-red scale on the quiz's grid according to % correct below.
Roberto Carlos
Rivaldo
Ronaldo
Ronaldinho
Junior
Bebeto
Romário
Juninho Pernambucano
Gilberto
Kaka
Adriano
Fred
Neymar
Roberto Firmino
Paulinho
Oscar
David Luiz
Thiago Silva
Elano
Robinho
Maicon
Luis Fabiano
Lucas Paqueta
Vinicius Junior
Richarlison
Casemiro
Renato Augusto
Raphinha
Gabriel Jesus
Coutinho
Willian
Marcelo
Miranda
Douglas Costa
Hulk
Bernard
Dante
Daniel Alves
Ramires
Juan
Gilberto Silva
Juninho Paulista
Kleberson
Michel Bastos
Lucio
Roque Junior
Ze Roberto
Cafu
Edmilson
Edilson
Luizao
Denilson
Ricardinho
Vampeta
Cesar Sampaio
Edmundo
Evair
Jardel
Djalminha
Aldair
Junior Baiano
Dunga
Leonardo
Raí
Branco
Marcio Santos
Viola
Mauro Silva
Jorginho
Mazinho
Muller
Careca
Ricardo Rocha
Silas
Marquinhos
Fernandinho
 
Estatísticas das Respostas
Resposta % Correto
Ronaldinho
42%
Romário
41%
Ronaldo
37%
David Luiz
35%
Neymar
35%
Casemiro
34%
Kaka
34%
Oscar
34%
Richarlison
32%
Vinicius Junior
32%
Bebeto
31%
Luis Fabiano
31%
Coutinho
30%
Rivaldo
30%
Thiago Silva
29%
Renato Augusto
27%
Roberto Carlos
27%
Lucas Paqueta
26%
Robinho
25%
Fred
24%
Adriano
23%
Branco
22%
Maicon
22%
Roberto Firmino
22%
Elano
17%
Careca
15%
Juninho Pernambucano
13%
Edmilson
12%
Paulinho
12%
Ze Roberto
11%
Raí
10%
Junior
9%
Fernandinho
8%
Muller
8%
Cesar Sampaio
5%
Juan
3%
Marcio Santos
3%
Gilberto
2%
Nenhum quiz correspondente encontrado
Distribuição das Pontuações
Porcentagem de Pessoas com Cada Pontuação
Percentil de Números Respondidos
Sua Pontuação Histórica
Você não jogou esse quiz